Star Academy 2024/2025 : Surnoms des duos d'élèves - Statistiques

Statistiques générales
  • Ce quiz a été pris 894 fois
    890 depuis la dernière actualisation
  • Le résultat moyen est 15 sur 16
Statistiques - réponses
Hint Réponse % Correct
Emmarguerite Emma + Marguerite
97%
Jusseo Julie + Masseo
97%
Malysse Marine + Ulysse
97%
Noaïa Noah + Maïa
97%
Charny Charles + Ebony
96%
Ebonysse Ebony + Ulysse
96%
Emmasseo Emma + Masseo
96%
Franckine Franck + Marine
96%
Margarine Marguerite + Marine
96%
Noarles Noah + Charles
96%
Thomaïa Thomas + Maïa
96%
Charlysse Charles + Ulysse
95%
Margaïa Marguerite + Maïa
95%
Ebonite Ebony + Marguerite
94%
Eborine Ebony + Marine
94%
Marinaïa Marine + Maïa
92%
Aucun quiz correspondant
Distribution des résultats
% des personnes avec chaque résultat
Percentile par nombre de réponses
Votre historique - résultats
Vous n’avez pas pris ce quiz depuis la dernière actualisation